Catálogo

D I A L O G O S (Registro nro. 36431)

Detalles MARC
000 -LEADER
fixed length control field 00434nam a2200181 a 4500
001 - CONTROL NUMBER
control field 36431
005 - DATE AND TIME OF LATEST TRANSACTION
control field 20180714005012.0
008 - FIXED-LENGTH DATA ELEMENTS--GENERAL INFORMATION
fixed length control field 140415s1959 000 0 spa d
041 ## - LANGUAGE CODE
Language code of text/sound track or separate title spa
082 ## - DEWEY DECIMAL CLASSIFICATION NUMBER
Classification number 808.8026
Item number VIV
100 1# - MAIN ENTRY--PERSONAL NAME
Personal name VIVES, JUAN LUIS
245 10 - TITLE STATEMENT
Title D I A L O G O S
250 ## - EDITION STATEMENT
Edition statement 4a ed.
260 ## - PUBLICATION, DISTRIBUTION, ETC.
Place of publication, distribution, etc. [s.l.] :
Name of publisher, distributor, etc. ESPASA CALPE,
Date of publication, distribution, etc. 1959
300 ## - PHYSICAL DESCRIPTION
Extent 153
490 ## - SERIES STATEMENT
Series statement AUSTRAL
Volume/sequential designation 128
650 14 - SUBJECT ADDED ENTRY--TOPICAL TERM
Topical term or geographic name entry element DIALOGOS
Existencias
Withdrawn status Lost status Source of classification or shelving scheme Damaged status Not for loan Collection code Home library Current library Shelving location Date acquired Source of acquisition Inventory number Total Checkouts Full call number Barcode Date last seen Date last checked out Price effective from Koha item type
    Dewey Decimal Classification     General Biblioteca Karol Wojtyla Biblioteca Karol Wojtyla Sala general 03/12/2013 Compra 151000000000000000032066   808.8026 VIV 5486 05/01/2026 21/02/2015 03/12/2013 Libro